Prístupy k hodnoteniu výnimočnosti podniku

Identifikácia východísk metodiky, slúžiacej na hodnotenie stavu výnimočnosti podniku vo vzťahu k spoločenskej zodpovednosti podniku.

Na minha lista:
Detalhes bibliográficos
Autor principal: Vartiak, Lukáš
Outros Autores: Eidenmüller, Thorsten, Kopáč, Lukáš
Formato: Capítulo de Livro
Idioma:eslovaco
Assuntos:
Tags: Adicionar Tag
Sem tags, seja o primeiro a adicionar uma tag!

MARC

LEADER 00000naa a2200000 4500
001 0291130
005 20240417075226.9
041 0 |a slo 
044 |a CZ 
245 1 0 |a Prístupy k hodnoteniu výnimočnosti podniku  |c Lukáš Vartiak, Thorsten Eidenmüller, Lukáš Kopáč 
520 |a Identifikácia východísk metodiky, slúžiacej na hodnotenie stavu výnimočnosti podniku vo vzťahu k spoločenskej zodpovednosti podniku. 
610 2 0 |a zodpovednosť 
610 2 0 |a zodpovednosť podniku spoločenská 
610 2 0 |a manažment 
610 2 0 |a kvalita 
610 2 0 |a úspech pracovný 
610 2 0 |a výsledok hospodársky 
100 1 |a Vartiak, Lukáš 
700 1 |a Eidenmüller, Thorsten 
700 1 |a Kopáč, Lukáš